000 00450cam a2200157ua 4500
003 OSt
005 20260213113716.0
008 260213b |||||||| |||| 00| 0 eng d
041 _aeng
082 _a028.74
_bCHA/CE
100 _aChari, R B .
_97869
245 _aCensus of India-1971, Seri 1 India paper 1 of 1975 Scheduled castes and scheduled tribes /
260 _a :
_bIndian Administrative Service ,
_c1975.
300 _a170 ; .
942 _cBK
999 _c9862
_d9862